Normal view MARC view
  • Barley Yellow dwarf virus (BYDV)

Entry Uniform Title

Number of records used in: 2

001 - CONTROL NUMBER

  • control field: 3275

003 - CONTROL NUMBER IDENTIFIER

  • control field: NUST

005 - DATE AND TIME OF LATEST TRANSACTION

  • control field: 20170713132655.0

008 - FIXED-LENGTH DATA ELEMENTS

  • fixed length control field: 170713|| aca||aabn | a|a d

040 ## - CATALOGING SOURCE

  • Original cataloging agency: NUST
  • Transcribing agency: NUST

130 ## - HEADING--UNIFORM TITLE

  • Uniform title: Barley Yellow dwarf virus (BYDV)

670 ## - SOURCE DATA FOUND

  • Source citation: Work cat.: (NUST): Muhammad Ali 3274, Th-PhD-Engineering resistance against barley yellow dwarf virus (bydv) in a model plant , 2017.
© 2023 Central Library, National University of Sciences and Technology. All Rights Reserved.